00603nam a2200181Ia 4500952014200000999001700142003000400159005001700163008004100180020001800221040000900239082001700248100002100265245004400286260004200330300000900372942004000381 00102ddc40708MANAGEMENTaMESbMEScMANAGEMENTd2019-02-20g400.00l0o658.3 KHA/Hp38913r2019-02-20 00:00:00w2019-02-20yBKzGL54R3 c11432d11432OSt20191226153647.0190216s9999||||xx |||||||||||||| ||und|| a9788121923002 coclc a658.3bKHA/H aKhanka, S S9798 0aHuman Resource Management /cS S Khanka bS Chand & Company,c2013.aNew Delhi: a449p cBK2ddch658.3iKHA/Hk658.3mKHA/H